000 00470nam a2200181Ia 4500
001 18693
005 20260306171649.0
008 260306s9999||||xx |||||||||||||| ||und||
041 _aESP
082 _a658.5
_bA57 2015 ej. 2
100 _aAnaya Tejero, Julio Juan
_eAUT
245 0 _aLogística integral:
_bla gestión operativa de la empresa
260 _c2015
300 _a276 páginas :
_c24 cm.
650 _aGEN
654 _aCAN
942 _cLIB
_dJUS
_fJUS
_2ddc
_n
999 _c18693
_d18693